zpět

Detail výsledku týmu

Pivovarský Dvůr ST, Liberec

Datum a čas kvízu

17 Celkem bodů Celkový počet nahraných bodů na tomto kvízu bez doplňovacích otázek.
8. Pořadí na kvízu Konečné umístění týmu na tomto kvízu.

Zaznamenané odpovědi

# Otázka Odpověď Body Výsledky
1. Státní zemědělská a potravinář... o pálivé chipsy (lupínky) 1
2. Ve kterém evropském státě se m... v Nizozemsku 0
3. Ve čtvrtek měl premiéru americ... Ridley Scott, Joaquin Phoenix 0.5
4. Státní firma Čepro, která prov... Robin Oil 1
5. Německá fotbalová reprezentace... Rakousko, 2:0 0.5
6. Střední Asií budeme mít na mys... Taškent 0
7. Ač jsou některé státy Střední... 1A 2B 3D 4C 0
8. Ve snaze o zavlažení polí pro... Aralské jezero 0
9. Z Buchary, která se dnes nachá... Avicenna 0
10. Ve kterém státě se nachází měs... Tádžikistán 0